[Event "RSA-ch U08"]
[Site "Waterkloof"]
[Date "2015.04.06"]
[Round "3"]
[White "Keun, Andru"]
[Black "Pringle, Liam"]
[Result "1-0"]
[WhiteElo "741"]
[BlackElo "887"]
[PlyCount "33"]
[EventDate "2015.04.04"]
[EventType "swiss"]
[EventRounds "9"]
[EventCountry "RSA"]
[SourceTitle "CBM 166 Extra"]
[Source "ChessBase"]
[SourceDate "2015.06.18"]
[SourceVersion "1"]
[SourceVersionDate "2015.06.18"]
[SourceQuality "1"]

1. e4 d5 2. d3 Nf6 3. Nf3 Bg4 4. h3 Bh5 5. Be2 Nbd7 6. 0-0 c5 7. e5 Ng8 8. Ng5 Bxe2 9. Qxe2 Nh6 10. Nf3 e6 11. Bxh6 gxh6 12. Nc3 f6 13. Rfe1 Qe7 14. Nb5 0-0-0 15. Qd2 Qg7 16. Qa5 Be7 17. Qc7# 1-0

[Event "RSA-ch U08"]
[Site "Waterkloof"]
[Date "2015.04.04"]
[Round "2"]
[White "Pringle, Liam"]
[Black "Peter, Neathan"]
[Result "1-0"]
[WhiteElo "887"]
[BlackElo "758"]
[PlyCount "42"]
[EventDate "2015.04.04"]
[EventType "swiss"]
[EventRounds "9"]
[EventCountry "RSA"]
[SourceTitle "CBM 166 Extra"]
[Source "ChessBase"]
[SourceDate "2015.06.18"]
[SourceVersion "1"]
[SourceVersionDate "2015.06.18"]
[SourceQuality "1"]

1. d4 Nf6 2. c4 g6 3. g3 Bg7 4. Bg2 0-0 5. Nf3 b6 6. 0-0 Bb7 7. Nc3 d5 8. b3 dxc4 9. bxc4 Ne4 10. Nxe4 Bxe4 11. e3 Bxf3 12. Bxf3 c6 13. Bb2 e5 14. Qc2 exd4 15. exd4 Nd7 16. Rfd1 Rc8 17. Qb3 c5 18. Rd2 cxd4 19. Bxd4 Bxd4 20. Rxd4 Nc5 21. Qd1 Qe7 1-0